[Event "Verbandsliga Nord Baden 0809"]
[Site "Germany"]
[Date "2008.11.30"]
[Round "4.8"]
[White "Farmani Anosheh, Yasha"]
[Black "Eis, Helko"]
[Result "0-1"]
[WhiteElo "2002"]
[BlackElo "2161"]
[PlyCount "134"]
[EventDate "2008.09.28"]
[EventType "team"]
[EventRounds "9"]
[EventCountry "GER"]
[SourceTitle "EXT 2010"]
[Source "ChessBase"]
[SourceDate "2010.11.25"]
[SourceVersion "1"]
[SourceVersionDate "2010.11.25"]
[SourceQuality "1"]
[WhiteTeam "Ladenburg"]
[BlackTeam "Heidelberg II"]
[WhiteTeamCountry "GER"]
[BlackTeamCountry "GER"]

1. e4 b6 2. d4 Bb7 3. Bd3 Nf6 4. Nd2 e6 5. Ngf3 d5 6. Qe2 Be7 7. 0-0 dxe4 8. Nxe4 Nbd7 9. Ng3 c5 10. dxc5 Bxc5 11. Bg5 0-0 12. Rad1 Qc7 13. Rfe1 Rfe8 14. Bb5 Bc6 15. Bxc6 Qxc6 16. Bxf6 Nxf6 17. Ne5 Qc8 18. Qf3 Re7 19. c3 Rc7 20. Ne4 Nxe4 21. Qxe4 Qb7 22. Qf4 Bf8 23. Rd3 f6 24. Ng4 Re8 25. Rh3 Kh8 26. Nxf6 gxf6 27. Qxf6+ Rg7 28. Rg3 Qf7 29. Qe5 Rd8 30. h3 Rd5 31. Rxg7 Rxe5 32. Rxf7 Rxe1+ 33. Kh2 Bd6+ 34. g3 Re2 35. Kg2 Rxb2 36. Rxa7 Bc5 37. Kf3 Rxf2+ 38. Ke4 Re2+ 39. Kf4 Bd6+ 40. Kg5 Rf2 41. Rb7 Rf5+ 42. Kg4 Bc5 43. a4 Kg8 44. c4 Rf7 45. Rb8+ Kg7 46. Rc8 Ra7 47. Kf4 Rxa4 48. Ke5 Rxc4 49. Rc7+ Kg6 50. Kxe6 Re4+ 51. Kd5 Re3 52. Rc8 Kf7 53. Rc7+ Re7 54. Rc6 Rd7+ 55. Ke4 Ke7 56. Rh6 Kd8 57. g4 Kc7 58. h4 b5 59. g5 b4 60. g6 hxg6 61. Rxg6 b3 62. Rg3 Rd4+ 63. Ke5 b2 64. Rc3 Kb6 65. Rb3+ Rb4 66. Rxb4+ Bxb4 67. h5 b1Q 0-1

[Event "EU-chT Seniors 09th"]
[Site "Dresden"]
[Date "2007.02.24"]
[Round "9"]
[White "Eis, Helko"]
[Black "Taksrud, Vidar"]
[Result "1/2-1/2"]
[WhiteElo "2158"]
[BlackElo "2121"]
[PlyCount "162"]
[EventDate "2007.02.16"]
[EventType "team-swiss"]
[EventRounds "9"]
[EventCountry "GER"]
[SourceTitle "CBM 117 Extra"]
[Source "ChessBase"]
[SourceDate "2007.05.09"]
[SourceVersion "1"]
[SourceVersionDate "2007.05.09"]
[SourceQuality "1"]

1. c4 e5 2. Nc3 Nf6 3. g3 Bb4 4. Bg2 0-0 5. Nd5 Nc6 6. Nxb4 Nxb4 7. d3 a5 8. Bd2 d6 9. a3 Nc6 10. e3 Re8 11. Ne2 Be6 12. e4 Nd7 13. Bc3 Nc5 14. b3 Qd7 15. 0-0 Bh3 16. Qc2 Bxg2 17. Kxg2 f5 18. f3 fxe4 19. dxe4 Ne6 20. Qd2 a4 21. b4 Qf7 22. Rae1 Qg6 23. Qe3 b6 24. Rd1 Rf8 25. Rf2 Rae8 26. Rdf1 Nf4+ 27. Nxf4 exf4 28. Qd3 Ne5 29. Qd5+ Kh8 30. c5 bxc5 31. bxc5 c6 32. Qxd6 Nc4 33. Qxg6 hxg6 34. Ra1 Rd8 35. gxf4 Rxf4 36. Re1 Nxa3 37. Ra2 Nb5 38. Be5 Rf7 39. Rxa4 Rd2+ 40. Kg3 Rd3 41. Rf1 Kh7 42. Kg4 Re7 43. f4 Rd2 44. h4 Red7 45. Rg1 Rc2 46. Ra8 Rxc5 47. h5 gxh5+ 48. Kxh5 Rc2 49. Kg5 Rh2 50. f5 Rh6 51. Bf4 Rd4 52. e5 Nc7 53. Rc8 Nd5 54. Rf1 Re4 55. Rb8 Nxf4 56. Rxf4 Rxe5 57. Rc8 Rg6+ 58. Kh4 Rh6+ 59. Kg5 Re1 60. Rc7 Kg8 61. Rd4 Rg1+ 62. Rg4 Rc1 63. Ra4 Rh2 64. Rc8+ Kh7 65. Rh4+ Rxh4 66. Kxh4 c5 67. Rc7 Kh6 68. Rc6+ Kh7 69. f6 gxf6 70. Rxf6 Kg7 71. Rc6 Kf7 72. Kg3 Ke7 73. Kf3 Kd7 74. Rh6 Re1 75. Rg6 Re5 76. Rh6 c4 77. Rh4 Rc5 78. Ke2 Kc6 79. Kd2 Kb5 80. Kc3 Rg5 81. Rh3 Kc5 1/2-1/2

[Event "EU-chT Seniors 09th"]
[Site "Dresden"]
[Date "2007.02.23"]
[Round "8"]
[White "Brameyer, Hermann"]
[Black "Eis, Helko"]
[Result "1-0"]
[WhiteElo "2225"]
[BlackElo "2158"]
[PlyCount "95"]
[EventDate "2007.02.16"]
[EventType "team-swiss"]
[EventRounds "9"]
[EventCountry "GER"]
[SourceTitle "CBM 117 Extra"]
[Source "ChessBase"]
[SourceDate "2007.05.09"]
[SourceVersion "1"]
[SourceVersionDate "2007.05.09"]
[SourceQuality "1"]

1. d4 Nf6 2. Nf3 d6 3. c4 Bg4 4. Nc3 Nbd7 5. e4 e5 6. Be3 Be7 7. Be2 c6 8. d5 c5 9. Nd2 Bxe2 10. Qxe2 0-0 11. g3 Ne8 12. h4 a6 13. Qg4 Kh8 14. h5 Rb8 15. Kf1 b5 16. Kg2 Nc7 17. b3 Nb6 18. Rac1 bxc4 19. bxc4 Qd7 20. Qxd7 Nxd7 21. Rb1 h6 22. Nb3 Rb4 23. Na5 Bg5 24. Bxg5 hxg5 25. Rxb4 cxb4 26. Na4 Nc5 27. Nxc5 dxc5 28. Nb7 Rc8 29. Rd1 a5 30. d6 Ne6 31. d7 Rc7 32. d8Q+ Nxd8 33. Rxd8+ Kh7 34. Nxa5 Ra7 35. Nb3 Rxa2 36. Nxc5 Rc2 37. Rd5 f6 38. Nb3 Rxc4 39. Nd2 Rc3 40. Kf1 g4 41. Rb5 Kh6 42. Rb7 Ra3 43. Rxb4 Kxh5 44. Nc4 Ra6 45. Rb7 Kh6 46. Ne3 g6 47. Nxg4+ Kg5 48. Nh2 1-0

[Event "EU-chT Seniors 09th"]
[Site "Dresden"]
[Date "2007.02.21"]
[Round "6"]
[White "Eis, Helko"]
[Black "Niebling, Ferdinand"]
[Result "1/2-1/2"]
[WhiteElo "2158"]
[BlackElo "2230"]
[PlyCount "25"]
[EventDate "2007.02.16"]
[EventType "team-swiss"]
[EventRounds "9"]
[EventCountry "GER"]
[SourceTitle "CBM 117 Extra"]
[Source "ChessBase"]
[SourceDate "2007.05.09"]
[SourceVersion "1"]
[SourceVersionDate "2007.05.09"]
[SourceQuality "1"]

1. c4 e5 2. Nc3 Nf6 3. g3 Bb4 4. Bg2 0-0 5. d3 Re8 6. e3 c6 7. Nge2 d5 8. cxd5 cxd5 9. 0-0 Nc6 10. a3 Bf8 11. b4 a6 12. e4 dxe4 13. dxe4 1/2-1/2

[Event "EU-chT Seniors 09th"]
[Site "Dresden"]
[Date "2007.02.18"]
[Round "3"]
[White "Langmann, Claus"]
[Black "Eis, Helko"]
[Result "0-1"]
[WhiteElo "1987"]
[BlackElo "2158"]
[PlyCount "110"]
[EventDate "2007.02.16"]
[EventType "team-swiss"]
[EventRounds "9"]
[EventCountry "GER"]
[SourceTitle "CBM 117 Extra"]
[Source "ChessBase"]
[SourceDate "2007.05.09"]
[SourceVersion "1"]
[SourceVersionDate "2007.05.09"]
[SourceQuality "1"]

1. d4 Nf6 2. Nf3 d6 3. c4 Nbd7 4. Nc3 e5 5. e3 Be7 6. Bd3 c6 7. 0-0 0-0 8. Qc2 Qc7 9. b3 g6 10. Ba3 Re8 11. dxe5 dxe5 12. Bxe7 Rxe7 13. b4 Nf8 14. h3 Bd7 15. Ng5 Rd8 16. Nge4 Ne8 17. Nc5 Bc8 18. Rad1 b6 19. Nb3 Be6 20. f4 Nd6 21. Ne2 e4 22. Bxe4 Bxc4 23. Bd3 Bxb3 24. axb3 Rxe3 25. Nd4 Ne8 26. Qf2 Re7 27. f5 f6 28. Bc4+ Kg7 29. Ne6+ Nxe6 30. Bxe6 Rxd1 31. Rxd1 Qe5 32. Qd4 Qxd4+ 33. Rxd4 gxf5 34. Rd7 Kf8 35. Bxf5 Rxd7 36. Bxd7 c5 37. bxc5 bxc5 38. g4 Nd6 39. Kf2 Ke7 40. Bc6 c4 41. bxc4 Nxc4 42. Bd5 Nb6 43. Bg8 h6 44. Ke3 Nc8 45. Kf4 Nd6 46. Ba2 Kf8 47. h4 Kg7 48. Bb3 a5 49. g5 Nf7 50. gxf6+ Kxf6 51. Kg4 Nd6 52. Ba4 Ne4 53. Bc6 Nc3 54. Kh5 Kg7 55. Bd7 a4 0-1

[Event "EU-chT Seniors 09th"]
[Site "Dresden"]
[Date "2007.02.16"]
[Round "1"]
[White "Grassmann, Heinz"]
[Black "Eis, Helko"]
[Result "0-1"]
[WhiteElo "1799"]
[BlackElo "2158"]
[PlyCount "126"]
[EventDate "2007.02.16"]
[EventType "team-swiss"]
[EventRounds "9"]
[EventCountry "GER"]
[SourceTitle "CBM 117 Extra"]
[Source "ChessBase"]
[SourceDate "2007.05.09"]
[SourceVersion "1"]
[SourceVersionDate "2007.05.09"]
[SourceQuality "1"]

1. d4 g6 2. c4 Bg7 3. Nc3 f5 4. g3 Nc6 5. Nf3 d6 6. Bg2 Nf6 7. d5 Ne5 8. 0-0 0-0 9. Nxe5 dxe5 10. e4 e6 11. Bg5 h6 12. Bxf6 Qxf6 13. dxe6 c6 14. f4 Bxe6 15. Qe2 exf4 16. Rxf4 Qd4+ 17. Kh1 g5 18. Rxf5 Bxf5 19. exf5 Rae8 20. Qh5 Re7 21. Rf1 Qxc4 22. Qf3 g4 23. Qd1 Rfe8 24. h3 gxh3 25. Bxh3 Qf7 26. Bg4 Rd7 27. Bh5 Qe7 28. Qb3+ Kh8 29. Bxe8 Qxe8 30. Qc4 Qe5 31. Qf4 Rd4 32. Qxe5 Bxe5 33. Kg2 b5 34. Rf2 Rg4 35. Rf3 b4 36. Na4 Kg7 37. Re3 Kf6 38. Rf3 Bd4 39. a3 bxa3 40. bxa3 Rg5 41. Nc3 Rxf5 42. Rd3 Rf2+ 43. Kh3 Ke5 44. Kg4 Rc2 45. Nb1 Ke4 46. Rd1 c5 47. Nd2+ Ke3 48. Nf3 Ra2 49. Rh1 Rf2 50. Nh4 c4 51. Nf5+ Rxf5 52. Kxf5 c3 53. Rxh6 c2 54. Rh1 Bb2 55. a4 Kd4 56. g4 c1Q 57. Rxc1 Bxc1 58. Ke6 Kc5 59. a5 Kb5 60. Kd5 Kxa5 61. Kc4 Kb6 62. Kb4 a5+ 63. Ka4 Bg5 0-1

[Event "GER-chT Seniors 15th"]
[Site "Bad Blankenburg"]
[Date "2006.09.07"]
[Round "5.3"]
[White "Eis, Helko"]
[Black "Schippan, Bernhard"]
[Result "1/2-1/2"]
[WhiteElo "2153"]
[BlackElo "2245"]
[PlyCount "62"]
[EventDate "2006.09.03"]
[EventType "team-swiss"]
[EventRounds "7"]
[EventCountry "GER"]
[SourceTitle "CBM 114 Extra"]
[Source "ChessBase"]
[SourceDate "2006.11.03"]
[SourceVersion "1"]
[SourceVersionDate "2006.11.03"]
[SourceQuality "1"]

1. c4 f5 2. b3 Nf6 3. Bb2 e6 4. Nf3 b6 5. e3 Bb7 6. Be2 Be7 7. d3 0-0 8. 0-0 Qe8 9. Nfd2 Qg6 10. Bf3 Bxf3 11. Nxf3 Nc6 12. Nc3 d6 13. Nd4 Nxd4 14. exd4 Nh5 15. Re1 a6 16. Qf3 Rae8 17. Ne2 Qg4 18. Qc6 Bd8 19. h3 Qg6 20. Qf3 e5 21. Qd5+ Kh8 22. dxe5 dxe5 23. Bxe5 f4 24. d4 f3 25. Ng3 Bh4 26. Kh2 Rf5 27. gxf3 Rfxe5 28. Rxe5 Bxg3+ 29. fxg3 Qxg3+ 30. Kh1 Qxh3+ 31. Kg1 Rf8 1/2-1/2

[Event "Verbandsliga Nord Baden 0506"]
[Site "Germany"]
[Date "2006.05.07"]
[Round "9.6"]
[White "Braun, Klaus"]
[Black "Eis, Helko"]
[Result "1/2-1/2"]
[WhiteElo "2049"]
[BlackElo "2137"]
[PlyCount "47"]
[EventDate "2005.10.16"]
[EventType "team"]
[EventRounds "9"]
[EventCountry "GER"]
[SourceTitle "EXT 2007"]
[Source "ChessBase"]
[SourceDate "2006.11.23"]
[SourceVersion "1"]
[SourceVersionDate "2006.11.23"]
[SourceQuality "1"]
[WhiteTeam "Neuhausen"]
[BlackTeam "Heidelberg Handschuhsheim II"]
[WhiteTeamCountry "GER"]
[BlackTeamCountry "GER"]

1. d4 g6 2. c4 f5 3. g3 Bg7 4. Bg2 Nf6 5. Nf3 c6 6. 0-0 d6 7. Nc3 0-0 8. Qb3 h6 9. Bd2 Kh7 10. Rad1 Qc7 11. Bc1 e5 12. dxe5 dxe5 13. Qc2 Na6 14. b3 Be6 15. Ba3 Rfd8 16. e3 b5 17. Nb1 b4 18. Bb2 Ne4 19. Rxd8 Rxd8 20. Rd1 Rxd1+ 21. Qxd1 Nac5 22. Ne1 a5 23. f3 Ng5 24. Qd2 1/2-1/2

[Event "EU-chT Seniors 08th"]
[Site "Dresden"]
[Date "2006.02.22"]
[Round "6"]
[White "Escher, Helmut"]
[Black "Eis, Helko"]
[Result "0-1"]
[WhiteElo "2084"]
[BlackElo "2145"]
[PlyCount "84"]
[EventDate "2006.02.17"]
[EventType "team-swiss"]
[EventRounds "8"]
[EventCountry "GER"]
[SourceTitle "CBM 111 Extra"]
[Source "ChessBase"]
[SourceDate "2006.05.09"]
[SourceVersion "1"]
[SourceVersionDate "2006.05.09"]
[SourceQuality "1"]
[WhiteTeam "Hessen"]
[BlackTeam "Baden"]
[WhiteTeamCountry "GER"]
[BlackTeamCountry "GER"]

1. d4 d6 2. Nf3 Nf6 3. g3 c6 4. Bg2 Nbd7 5. 0-0 e5 6. dxe5 dxe5 7. Bg5 Be7 8. Nbd2 Qc7 9. c3 Nb6 10. Qc2 h6 11. Bxf6 Bxf6 12. Rad1 Be6 13. b3 0-0 14. c4 Be7 15. e4 Nd7 16. Nb1 a5 17. Nc3 Nc5 18. a4 Bg4 19. h3 Be6 20. Ne2 f5 21. Qb2 Bf6 22. exf5 Bxf5 23. g4 Bd3 24. Ne1 Bg6 25. Nc1 e4 26. Qe2 Bg5 27. Nc2 Nd3 28. Ne3 Qb6 29. Nxd3 exd3 30. Qd2 Rae8 31. Rfe1 Qc5 32. Bf1 Bh4 33. Nf5 Rxe1 34. Qxe1 Bxf5 35. gxf5 Qxf5 36. Rd2 g5 37. Bxd3 Qf6 38. Qe3 g4 39. Re2 gxh3 40. Qxh3 Bxf2+ 41. Kh2 Qf4+ 42. Kg2 Qg5+ 0-1

[Event "EU-chT Seniors 08th"]
[Site "Dresden"]
[Date "2006.02.19"]
[Round "3"]
[White "Eis, Helko"]
[Black "Schmid, Hartmut"]
[Result "1/2-1/2"]
[WhiteElo "2145"]
[BlackElo "2221"]
[PlyCount "25"]
[EventDate "2006.02.17"]
[EventType "team-swiss"]
[EventRounds "8"]
[EventCountry "GER"]
[SourceTitle "CBM 111 Extra"]
[Source "ChessBase"]
[SourceDate "2006.05.09"]
[SourceVersion "1"]
[SourceVersionDate "2006.05.09"]
[SourceQuality "1"]
[WhiteTeam "Baden"]
[BlackTeam "Wuerttemberg"]
[WhiteTeamCountry "GER"]
[BlackTeamCountry "GER"]

1. d4 d5 2. Nf3 Nf6 3. e3 e6 4. b3 Nbd7 5. Bb2 c5 6. Be2 Be7 7. 0-0 b6 8. c4 0-0 9. Ne5 Bb7 10. Nc3 Ne8 11. cxd5 exd5 12. Bf3 Nc7 13. Rc1 1/2-1/2

[Event "Bayern-chI Bank Hofmann 9th"]
[Site "Bad Wiessee"]
[Date "2005.10.30"]
[Round "2"]
[White "Eis, Helko"]
[Black "Meinhardt, Maximilian"]
[Result "0-1"]
[WhiteElo "2137"]
[BlackElo "2372"]
[PlyCount "40"]
[EventDate "2005.10.29"]
[EventType "swiss"]
[EventRounds "9"]
[EventCountry "GER"]
[SourceTitle "EXT 2006"]
[Source "ChessBase"]
[SourceDate "2005.11.24"]
[SourceVersion "1"]
[SourceVersionDate "2005.11.24"]
[SourceQuality "1"]

1. c4 e6 2. g3 d5 3. Bg2 c5 4. b3 Nf6 5. Nf3 Be7 6. 0-0 0-0 7. d3 Nc6 8. Bb2 d4 9. Nbd2 Ne8 10. a3 e5 11. Ne1 Be6 12. Nc2 Qd7 13. b4 Bh3 14. bxc5 Bxc5 15. Nb3 b6 16. a4 Rc8 17. a5 Ne7 18. axb6 axb6 19. Nxc5 bxc5 20. Ra5 Bxg2 0-1

[Event "GER-chT Seniors 14th"]
[Site "Sottrum"]
[Date "2005.09.19"]
[Round "2"]
[White "Liebert, Heinz"]
[Black "Eis, Helko"]
[Result "1/2-1/2"]
[WhiteElo "2268"]
[BlackElo "2137"]
[PlyCount "38"]
[EventDate "2005.09.18"]
[EventType "team-swiss"]
[EventRounds "7"]
[EventCountry "GER"]
[SourceTitle "CBM 108 Extra"]
[Source "ChessBase"]
[SourceDate "2005.11.04"]
[SourceVersion "1"]
[SourceVersionDate "2005.11.04"]
[SourceQuality "1"]

1. c4 e5 2. Nc3 Nc6 3. Nf3 f5 4. d4 e4 5. Bg5 Be7 6. Bxe7 Ncxe7 7. Nd2 Nf6 8. e3 0-0 9. Be2 d6 10. 0-0 Kh8 11. d5 c6 12. dxc6 bxc6 13. Nb3 Ng6 14. Qd2 Ne5 15. Rad1 Ba6 16. Qxd6 Qxd6 17. Rxd6 Bxc4 18. Bxc4 Nxc4 19. Rxc6 Nxb2 1/2-1/2

[Event "GER-chT Seniors 13th"]
[Site "Dresden"]
[Date "2004.08.05"]
[Round "5"]
[White "Eis, Helko"]
[Black "Lenk, Wolfgang"]
[Result "1/2-1/2"]
[WhiteElo "2102"]
[BlackElo "2187"]
[PlyCount "22"]
[EventDate "2004.08.01"]
[EventType "team"]
[EventRounds "7"]
[EventCountry "GER"]
[SourceTitle "CBM 103 Extra"]
[Source "ChessBase"]
[SourceDate "2005.01.01"]
[SourceVersion "1"]
[SourceVersionDate "2005.01.01"]
[SourceQuality "1"]

1. Nf3 Nf6 2. c4 g6 3. g3 Bg7 4. Bg2 0-0 5. 0-0 Nc6 6. Nc3 e5 7. d3 Re8 8. e4 d6 9. h3 h6 10. Be3 Be6 11. b3 Qd7 1/2-1/2

[Event "GER-chT Seniors 13th"]
[Site "Dresden"]
[Date "2004.08.02"]
[Round "2"]
[White "Duemmke, Juergen"]
[Black "Eis, Helko"]
[Result "0-1"]
[WhiteElo "2136"]
[BlackElo "2102"]
[PlyCount "90"]
[EventDate "2004.08.01"]
[EventType "team"]
[EventRounds "7"]
[EventCountry "GER"]
[SourceTitle "CBM 103 Extra"]
[Source "ChessBase"]
[SourceDate "2005.01.01"]
[SourceVersion "1"]
[SourceVersionDate "2005.01.01"]
[SourceQuality "1"]

1. e4 b6 2. d4 Bb7 3. Nc3 e6 4. a3 d6 5. Bb5+ c6 6. Bd3 Nd7 7. Nf3 e5 8. 0-0 Be7 9. Ne2 Bf6 10. c3 g6 11. a4 a6 12. Be3 Bg7 13. Nd2 Ngf6 14. Nc4 Qc7 15. dxe5 dxe5 16. Qb3 b5 17. Na5 0-0 18. Nxb7 Qxb7 19. f3 Rfd8 20. axb5 axb5 21. Rfd1 Bf8 22. Rxa8 Rxa8 23. Kh1 Nc5 24. Qc2 Ne6 25. Ng3 h5 26. Qf2 Nd7 27. Ne2 Ndc5 28. Bc2 Ra2 29. Rb1 Na4 30. Bb3 Rxb2 31. Rxb2 Nxb2 32. Bxe6 fxe6 33. Qg3 Qg7 34. Bg5 Nc4 35. h4 Qd7 36. Bf6 Qd1+ 37. Kh2 Kh7 38. Qf2 c5 39. g4 Qd2 40. gxh5 Bh6 41. hxg6+ Kxg6 42. Bg5 Bxg5 43. hxg5 Qxg5 44. Qxc5 Ne3 45. Ng3 Qh4+ 0-1

[Event "GER-chT Seniors 13th"]
[Site "Dresden"]
[Date "2004.08.01"]
[Round "1"]
[White "Eis, Helko"]
[Black "Wimmer, Herbert"]
[Result "1/2-1/2"]
[WhiteElo "2102"]
[BlackElo "2237"]
[PlyCount "44"]
[EventDate "2004.08.01"]
[EventType "team"]
[EventRounds "7"]
[EventCountry "GER"]
[SourceTitle "CBM 103 Extra"]
[Source "ChessBase"]
[SourceDate "2005.01.01"]
[SourceVersion "1"]
[SourceVersionDate "2005.01.01"]
[SourceQuality "1"]

1. Nf3 d5 2. c4 c6 3. b3 Nf6 4. Bb2 Bf5 5. Ne5 Nbd7 6. Nxd7 Qxd7 7. cxd5 cxd5 8. e3 a6 9. Be2 e6 10. 0-0 Bd6 11. d3 0-0 12. Nd2 Rac8 13. Nf3 Qe7 14. a3 Rc7 15. b4 Rfc8 16. Qb3 Nd7 17. Rfc1 Rxc1+ 18. Rxc1 Rxc1+ 19. Bxc1 Ne5 20. Qc3 Nxf3+ 21. Bxf3 Qc7 22. Qxc7 Bxc7 1/2-1/2

[Event "Baden VLN 0304"]
[Site "Baden"]
[Date "2004.03.21"]
[Round "7.3"]
[White "Eis, Helko"]
[Black "Schulz, Gert"]
[Result "1/2-1/2"]
[WhiteElo "2092"]
[BlackElo "2118"]
[PlyCount "81"]
[EventDate "2003.10.12"]
[EventType "team-tourn"]
[EventRounds "9"]
[EventCountry "GER"]
[SourceTitle "EXT 2022"]
[Source "ChessBase"]
[SourceDate "2021.10.06"]
[SourceVersion "1"]
[SourceVersionDate "2021.10.06"]
[SourceQuality "1"]
[WhiteTeam "Heidelberg II"]
[BlackTeam "Sandhausen"]
[WhiteTeamCountry "GER"]
[BlackTeamCountry "GER"]

1. d4 g6 2. Nf3 Bg7 3. e3 d6 4. Be2 Nc6 5. d5 Ne5 6. Nxe5 Bxe5 7. 0-0 Nh6 8. e4 Bg7 9. Nc3 0-0 10. Be3 f5 11. Qd2 Ng4 12. Bxg4 fxg4 13. Rad1 Qe8 14. b3 e5 15. dxe6 Qxe6 16. Bh6 Bxh6 17. Qxh6 b6 18. Nd5 Rf7 19. Qe3 Bb7 20. c4 Raf8 21. Qd4 Re8 22. Rde1 Qe5 23. Qxe5 Rxe5 24. f3 gxf3 25. gxf3 Kg7 26. Kg2 g5 27. Kg3 h5 28. h3 b5 29. Ne3 bxc4 30. Nxc4 Rc5 31. Rd1 Rf4 32. Ne3 Rc3 33. Nd5 Bxd5 34. exd5 Kf6 35. Rc1 Rxc1 36. Rxc1 Rd4 37. Rxc7 a5 38. a3 Rxd5 39. Rc4 Rb5 40. b4 axb4 41. axb4 1/2-1/2

[Event "Baden VLN 0304"]
[Site "Baden"]
[Date "2003.11.09"]
[Round "2.5"]
[White "Eis, Helko"]
[Black "Bloessl, Walter"]
[Result "1/2-1/2"]
[WhiteElo "2092"]
[BlackElo "2250"]
[PlyCount "76"]
[EventDate "2003.10.12"]
[EventType "team-tourn"]
[EventRounds "9"]
[EventCountry "GER"]
[SourceTitle "EXT 2022"]
[Source "ChessBase"]
[SourceDate "2021.10.06"]
[SourceVersion "1"]
[SourceVersionDate "2021.10.06"]
[SourceQuality "1"]
[WhiteTeam "Heidelberg II"]
[BlackTeam "Ladenburg"]
[WhiteTeamCountry "GER"]
[BlackTeamCountry "GER"]

1. d4 Nf6 2. Nf3 g6 3. e3 Bg7 4. b3 0-0 5. Bb2 d6 6. Nbd2 b6 7. Be2 Bb7 8. 0-0 Nbd7 9. c4 e6 10. b4 Qe7 11. Qc2 e5 12. Nb3 e4 13. Nfd2 c5 14. bxc5 dxc5 15. Ba3 Rac8 16. Rab1 Rfe8 17. Nxc5 Nxc5 18. dxc5 bxc5 19. Rb5 Ba8 20. Ra5 Rc7 21. Rb1 Nd7 22. Nb3 Qg5 23. g3 h5 24. h4 Qf5 25. Nd4 Bxd4 26. exd4 g5 27. Bc1 gxh4 28. Bf4 hxg3 29. fxg3 Rc6 30. Rf1 Qh3 31. d5 Rg6 32. Rf2 Nf6 33. Rh2 Qf5 34. Rh4 Kg7 35. Rxc5 Rh8 36. Rb5 a6 37. Rb3 Qd7 38. Qb2 Qf5 1/2-1/2

[Event "EU-chT Seniors 05th"]
[Site "Dresden"]
[Date "2003.02.27"]
[Round "5.3"]
[White "Eis, Helko"]
[Black "Vink, Wim"]
[Result "1/2-1/2"]
[WhiteElo "2092"]
[BlackElo "2082"]
[PlyCount "90"]
[EventDate "2003.02.23"]
[EventType "team-swiss"]
[EventRounds "7"]
[EventCountry "GER"]
[SourceTitle "EXT 2005"]
[Source "ChessBase"]
[SourceDate "2004.11.15"]
[SourceVersion "1"]
[SourceVersionDate "2004.11.15"]
[SourceQuality "1"]

1. Nf3 d5 2. c4 c6 3. b3 Nf6 4. e3 g6 5. Bb2 Bg7 6. Be2 0-0 7. 0-0 b6 8. cxd5 Nxd5 9. Bxg7 Kxg7 10. Qc2 Bb7 11. d4 Nd7 12. Rd1 Rc8 13. e4 Nf4 14. Bf1 Qc7 15. g3 Nh5 16. Bh3 e6 17. Qb2 Kg8 18. Qd2 Kg7 19. Nc3 f5 20. Ng5 Rce8 21. d5 cxd5 22. exd5 exd5 23. Nxd5 Qe5 24. Nc7 Ndf6 25. Qd6 Qxd6 26. Rxd6 Re2 27. Nce6+ Kh6 28. Nxf8 Kxg5 29. Ne6+ Kh6 30. Nd4 Rb2 31. f3 Kg7 32. Rc1 Ba6 33. Ne6+ Kh6 34. g4 fxg4 35. fxg4 Nxg4 36. Bxg4 Bb7 37. h3 Rg2+ 38. Kf1 Ng3+ 39. Ke1 Ne4 40. Rdd1 Ba6 41. Rc4 Bxc4 42. bxc4 Rg1+ 43. Ke2 Nc3+ 44. Kd2 Nxd1 45. Bxd1 Rg3 1/2-1/2

[Event "Oberliga Baden 0203"]
[Site "Germany"]
[Date "2003.02.09"]
[Round "6.5"]
[White "Eis, Helko"]
[Black "Bogdanovich, Grigory Grigorievic"]
[Result "0-1"]
[WhiteElo "2092"]
[BlackElo "2401"]
[PlyCount "132"]
[EventDate "2002.10.20"]
[EventType "team-tourn"]
[EventRounds "9"]
[EventCountry "GER"]
[SourceTitle "EXT 2018"]
[Source "ChessBase"]
[SourceDate "2017.10.13"]
[SourceVersion "1"]
[SourceVersionDate "2017.10.13"]
[SourceQuality "1"]
[WhiteTeam "Heidelberg II"]
[BlackTeam "Bad Mergentheim"]
[WhiteTeamCountry "GER"]
[BlackTeamCountry "GER"]

1. Nf3 d5 2. d3 Nc6 3. c3 e5 4. Nbd2 Nf6 5. e4 Bc5 6. Be2 a5 7. 0-0 Ba7 8. a4 0-0 9. exd5 Qxd5 10. Nc4 h6 11. Be3 Bxe3 12. Nxe3 Qc5 13. Qb3 Be6 14. Qb5 Qd6 15. Nc4 Bxc4 16. Qxc4 Rad8 17. Rfd1 Rfe8 18. Nd2 Nd5 19. g3 Nb6 20. Qg4 Qf8 21. Nb3 f5 22. Qh5 Kh7 23. Bf1 Nd5 24. Bg2 b6 25. Nd2 Nde7 26. Nc4 Qf6 27. Qe2 Nd5 28. Re1 Re7 29. Qc2 Kh8 30. Ne3 Nxe3 31. Rxe3 f4 32. gxf4 exf4 33. Rxe7 Nxe7 34. Be4 Nf5 35. Kh1 Nd6 36. Bf3 Re8 37. Rg1 Re5 38. d4 Re7 39. Qd2 Ne4 40. Qc2 Ng5 41. Qd3 Nh3 42. Rf1 Qh4 43. Kg2 Ng5 44. Qf5 Re8 45. Bd1 Ne4 46. Qg4 Qxg4+ 47. Bxg4 Nf6 48. Bf3 g5 49. b4 g4 50. Bc6 Re6 51. Bb5 h5 52. h3 Kg7 53. bxa5 bxa5 54. hxg4 hxg4 55. Bd3 Rb6 56. Rc1 Rb2 57. Rc2 Rxc2 58. Bxc2 Kh6 59. c4 Kg5 60. Kf1 f3 61. Ke1 Kf4 62. Bd3 Ne4 63. Kf1 Nc3 64. Bc2 Ne2 65. d5 g3 66. fxg3+ Ke3 0-1

[Event "GER-chT Seniors 11th"]
[Site "Bad Segeberg"]
[Date "2002.08.12"]
[Round "7.3"]
[White "Janssen, Helmut"]
[Black "Eis, Helko"]
[Result "0-1"]
[WhiteElo "1878"]
[BlackElo "2114"]
[PlyCount "78"]
[EventDate "2002.08.06"]
[EventType "team"]
[EventRounds "7"]
[EventCountry "GER"]
[SourceTitle "EXT 2003"]
[Source "ChessBase"]
[SourceDate "2002.11.25"]
[SourceVersion "1"]
[SourceVersionDate "2002.11.25"]
[SourceQuality "1"]
[WhiteTeam "Schleswig Holstein III"]
[BlackTeam "Baden"]
[WhiteTeamCountry "GER"]
[BlackTeamCountry "GER"]

1. e4 d6 2. d4 Nf6 3. Nc3 c6 4. f4 Qa5 5. Bd3 e5 6. Nf3 Bg4 7. fxe5 dxe5 8. dxe5 Nfd7 9. Be2 Bxf3 10. Bxf3 Nxe5 11. 0-0 Nbd7 12. Qe2 Be7 13. Bd2 Qb6+ 14. Kh1 0-0 15. b3 Rfe8 16. Be3 Qc7 17. Rad1 b5 18. Bf4 Qa5 19. Bd2 Qb6 20. Be3 Bc5 21. Rfe1 a5 22. Qf2 Bxe3 23. Qxe3 Qxe3 24. Rxe3 Nc5 25. Ree1 g5 26. h3 b4 27. Ne2 h5 28. Ng3 h4 29. Nh5 Re6 30. Rd4 Nxf3 31. gxf3 Rh6 32. Red1 Rxh5 33. Rd8+ Rxd8 34. Rxd8+ Kg7 35. Ra8 Rh8 36. Rxa5 Ne6 37. a4 bxa3 38. Rxa3 Rd8 39. Ra1 Rd2 0-1